[Event "Frankfurt Ch A 2018"]
[Site "Ffm-Höchst, BiKuZ"]
[Date "2018.05.14"]
[Round "3.56"]
[White "Klikic, Drazen"]
[Black "Winter, Olaf"]
[Result "0-1"]
[WhiteElo "1476"]
[BlackElo "1646"]
[PlyCount "70"]
[EventDate "2018.??.??"]
[WhiteTeam "SC Nied"]
[BlackTeam "SK Bad Homburg"]

1. e4 c5 2. Nf3 Nc6 3. d4 cxd4 4. Nxd4 e6 5. c4 g6 6. Be3 Bg7 7. Nc3 a6 8. Be2
Nge7 9. O-O O-O 10. Nb3 f5 11. Bd3 f4 12. Bd2 Ne5 13. Be2 b6 14. f3 Qc7 15. Rc1
Bb7 16. Be1 Rfd8 17. Bh4 N5c6 18. Qd2 h6 19. Bf2 Rab8 20. Nd4 g5 21. g3 Nxd4
22. Bxd4 Bxd4+ 23. Qxd4 fxg3 24. e5 gxh2+ 25. Kxh2 Nf5 26. Qf2 Qxe5+ 27. f4
gxf4 28. Qxf4 Qxf4+ 29. Rxf4 Kg7 30. Bd3 Rf8 31. Rg1+ Kh8 32. Ne4 Bc6 33. Rg6
Rg8 34. Rxh6+ Nxh6 35. Rf6 Ng4+ 0-1

[Event "Frankfurt Ch A 2018"]
[Site "Ffm-Höchst, BiKuZ"]
[Date "2018.05.14"]
[Round "3.57"]
[White "Wich, Manuela"]
[Black "Hofmann, Werner"]
[Result "1-0"]
[WhiteElo "1469"]
[BlackElo "1601"]
[PlyCount "59"]
[EventDate "2018.??.??"]
[WhiteTeam "NiederrÃ¤der TG"]
[BlackTeam "SV Kelsterbach"]

1. e4 c6 2. d4 d5 3. Nc3 dxe4 4. Nxe4 Nf6 5. Nxf6+ gxf6 6. Be3 Bg7 7. Qd2 h5 8.
Nf3 h4 9. h3 Bf5 10. Bd3 Bxd3 11. Qxd3 Qc7 12. Qd2 Nd7 13. Bf4 Qb6 14. c3 O-O-O
15. O-O e5 16. Be3 Qc7 17. Qc2 Rh5 18. Rad1 Rg8 19. Nh2 f5 20. d5 cxd5 21. Qe2
Nf6 22. Rxd5 b6 23. Qa6+ Qb7 24. Qxb7+ Kxb7 25. Rxe5 Bf8 26. Rd1 Kc6 27. b4 Ne4
28. b5+ Kc7 29. Re8 Nf6 30. Bf4+ 1-0

[Event "Frankfurt Ch A 2018"]
[Site "Ffm-Höchst, BiKuZ"]
[Date "2018.05.14"]
[Round "3.58"]
[White "Lopez, Victor"]
[Black "Friedel, Thomas"]
[Result "1-0"]
[WhiteElo "1586"]
[BlackElo "1496"]
[PlyCount "127"]
[EventDate "2018.??.??"]
[WhiteTeam "SC Höchst"]
[BlackTeam "SV GroÃŸ-Gerau"]

1. e4 e5 2. Nf3 Nc6 3. Bc4 Bc5 4. d3 Nf6 5. Nc3 h6 6. a3 O-O 7. O-O d6 8. h3 a6
9. Be3 Ba7 10. Bxa7 Nxa7 11. d4 exd4 12. Nxd4 b5 13. Bd3 Bb7 14. Qf3 Re8 15.
Nd5 Nxd5 16. exd5 Qg5 17. Rfe1 Bxd5 18. Be4 Bxe4 19. Rxe4 Rxe4 20. Qxe4 d5 21.
Qd3 Re8 22. Qc3 Qe7 23. Nf3 c6 24. Re1 Qd7 25. Qa5 Rxe1+ 26. Nxe1 Qb7 27. Nd3
Nc8 28. Qd8+ Kh7 29. Nc5 Qe7 30. Qxe7 Nxe7 31. Nxa6 Kg6 32. Kf1 Kf5 33. Nc5 Ke5
34. Ke2 Kd4 35. Nb3+ Ke4 36. g3 Nf5 37. c3 Ke5 38. Kd3 Kd6 39. Nd4 Ne7 40. b3
g6 41. f4 h5 42. Nf3 f5 43. c4 Kc5 44. b4+ Kb6 45. c5+ Kc7 46. Kd4 Kd7 47. Ke5
Ng8 48. Nd4 Ne7 49. Kf6 Ke8 50. Kg7 Kd7 51. Kf7 h4 52. gxh4 Kd8 53. Kf6 Ke8 54.
Kg5 Kf7 55. h5 gxh5 56. Kxh5 Kf6 57. h4 Kf7 58. Kg5 Kg7 59. h5 Kh7 60. Kf6 Kh6
61. Kxe7 Kxh5 62. Kd6 Kg4 63. Kxc6 Kxf4 64. Kxd5 1-0

[Event "Frankfurt Ch A 2018"]
[Site "Ffm-Höchst, BiKuZ"]
[Date "2018.05.14"]
[Round "3.59"]
[White "BÃ¤r, Christian"]
[Black "Bernhardt, Winfried"]
[Result "1/2-1/2"]
[WhiteElo "1544"]
[BlackElo "1463"]
[PlyCount "82"]
[EventDate "2018.??.??"]
[WhiteTeam "SC Steinbach"]
[BlackTeam "SV Nauheim"]

1. d4 d5 2. c4 dxc4 3. e3 Nf6 4. Bxc4 Bf5 5. Nf3 h6 6. O-O e6 7. Nc3 a6 8. Re1
b5 9. Be2 Bb4 10. Bd2 O-O 11. Rc1 Nc6 12. Nxb5 Bxd2 13. Qxd2 Ne4 14. Qd1 axb5
15. Rxc6 Rxa2 16. Qb3 Qa8 17. Rec1 Ra1 18. h3 Rxc1+ 19. Rxc1 c6 20. g4 Bh7 21.
Ne5 Rc8 22. Qb4 Ng5 23. Kh2 Qb8 24. f4 Ne4 25. Rxc6 Rxc6 26. Nxc6 Qb7 27. Qxb5
Qxb5 28. Bxb5 Nd2 29. Nb4 Be4 30. Bd3 Bxd3 31. Nxd3 Nf1+ 32. Kg2 Nxe3+ 33. Kf3
Nc4 34. b4 Kf8 35. h4 Ke7 36. g5 h5 37. Ne5 Nd6 38. Ke3 Nf5+ 39. Kd3 Nxh4 40.
Ke4 Nf5 41. b5 f6 1/2-1/2

[Event "Frankfurt Ch A 2018"]
[Site "Ffm-Höchst, BiKuZ"]
[Date "2018.05.14"]
[Round "3.60"]
[White "Stulken, Dietmar"]
[Black "Breitbach, Stephan"]
[Result "1/2-1/2"]
[WhiteElo "1328"]
[BlackElo "1524"]
[PlyCount "56"]
[EventDate "2018.??.??"]
[WhiteTeam "SF Frankfurt"]
[BlackTeam "SC Landskrone"]

1. d4 Nf6 2. c4 e6 3. Nc3 d5 4. Nf3 Be7 5. e3 O-O 6. Bd3 Nbd7 7. O-O c5 8. Re1
a6 9. a4 Qc7 10. Ne2 dxc4 11. Bxc4 cxd4 12. Qxd4 Rd8 13. Bb3 Nc5 14. Qc4 Bd6
15. Ng3 Nxb3 16. Qxb3 e5 17. Qa2 Bb4 18. Rf1 Be6 19. b3 Rd3 20. Rb1 Rad8 21.
Ba3 Qc3 22. Bxb4 Qxb4 23. Qa1 Rxb3 24. Rxb3 Bxb3 25. Nxe5 Qxa4 26. Qc3 Be6 27.
Qc7 Rf8 28. Qxb7 Qb5 1/2-1/2

[Event "Frankfurt Ch A 2018"]
[Site "Ffm-Höchst, BiKuZ"]
[Date "2018.05.14"]
[Round "3.61"]
[White "Both, Günter"]
[Black "Nutolo, Dominique"]
[Result "1-0"]
[WhiteElo "1523"]
[BlackElo "1139"]
[PlyCount "69"]
[EventDate "2018.??.??"]
[WhiteTeam "SK Bischofsheim"]
[BlackTeam "SF Frankfurt"]

1. e4 e5 2. Nf3 Nc6 3. Bb5 Nf6 4. Nc3 Bc5 5. d3 h6 6. h3 O-O 7. O-O a6 8. Bxc6
dxc6 9. Nxe5 Re8 10. Nf3 Nh5 11. d4 Bb4 12. Re1 Nf6 13. Qd3 Qe7 14. e5 Nd5 15.
Nxd5 cxd5 16. c3 Ba5 17. b4 Bb6 18. a4 c6 19. Bf4 Bc7 20. g4 Qd7 21. Re3 f6 22.
Bg3 h5 23. e6 Qd8 24. Rae1 Bxg3 25. fxg3 Qd6 26. Nh4 Bxe6 27. Nf5 Qd7 28. Qe2
Kf7 29. Qf3 g6 30. Nh4 hxg4 31. hxg4 Bxg4 32. Qf2 g5 33. Nf3 Rxe3 34. Rxe3 Rh8
35. Ne5+ 1-0

[Event "Frankfurt Ch B 2018"]
[Site "Ffm-Höchst, BiKuZ"]
[Date "2018.05.14"]
[Round "3.1"]
[White "Krehl, Collin"]
[Black "Brand, Achim"]
[Result "1-0"]
[WhiteElo "1462"]
[BlackElo "1343"]
[PlyCount "172"]
[EventDate "2018.??.??"]
[WhiteTeam "SV Kelsterbach"]
[BlackTeam "SVG Echzell"]

1. c4 g6 2. Nc3 Bg7 3. d4 Nf6 4. Nf3 d6 5. Bf4 O-O 6. h3 b6 7. e3 Bb7 8. d5
Nbd7 9. Bd3 e5 10. Bg5 Re8 11. e4 h6 12. Be3 g5 13. Qd2 Nh5 14. g3 Qf6 15. Be2
Qg6 16. h4 g4 17. Nh2 Ndf6 18. Qc2 c6 19. Rg1 cxd5 20. cxd5 Nxd5 21. Bxg4 Nxe3
22. fxe3 Bc8 23. Bf5 Bxf5 24. exf5 Qh7 25. g4 Nf6 26. g5 hxg5 27. hxg5 Qh4+ 28.
Kd1 Nd7 29. f6 Bh8 30. Nf3 Qh5 31. Ke2 Qg6 32. Qxg6+ fxg6 33. Nd5 Red8 34. Ne7+
Kf7 35. Nh4 Nxf6 36. gxf6 Bxf6 37. Nexg6 Rg8 38. Raf1 Ke6 39. e4 Rac8 40. Nf5
Rcd8 41. Nh6 Rg7 42. Nf5 Rh7 43. Rh1 Rxh1 44. Rxh1 d5 45. Ke3 d4+ 46. Kd3 Rg8
47. Rh6 Kf7 48. Ngh4 a5 49. Rh7+ Ke6 50. Rb7 Bd8 51. Rg7 Rh8 52. Rg6+ Kf7 53.
Rg7+ Ke6 54. Rg6+ Kf7 55. Nh6+ Ke7 56. N4f5+ Kd7 57. Kc4 Re8 58. Kd5 Bc7 59.
Rg7+ Kc8 60. Nd6+ Bxd6 61. Kxd6 Rd8+ 62. Kc6 d3 63. Rg1 d2 64. Rd1 Rd4 65. Nf7
Rc4+ 66. Kxb6 Rb4+ 67. Kxa5 Rxb2 68. a4 Kc7 69. Nxe5 Rb8 70. Rxd2 Ra8+ 71. Kb4
Rb8+ 72. Kc5 Ra8 73. Rd7+ Kc8 74. Kb6 Rb8+ 75. Kc6 Rb1 76. Nc4 Rc1 77. Rd4
Rxc4+ 78. Rxc4 Kd8 79. Rd4+ Ke7 80. Rd6 Kf7 81. a5 Ke7 82. a6 Kf7 83. a7 Ke7
84. a8=Q Kf7 85. Qb7+ Ke8 86. Rd7 Kf8 1-0

[Event "Frankfurt Ch B 2018"]
[Site "Ffm-Höchst, BiKuZ"]
[Date "2018.05.14"]
[Round "3.2"]
[White "Goodwin, David"]
[Black "Arnold, Aaron"]
[Result "1/2-1/2"]
[WhiteElo "1371"]
[BlackElo "1339"]
[PlyCount "74"]
[EventDate "2018.??.??"]
[WhiteTeam "SV Kelsterbach"]
[BlackTeam "SC Frankfurt-West"]

1. Nf3 c5 2. g3 d5 3. d3 Nf6 4. Bg2 Nc6 5. a3 e5 6. O-O h6 7. Nbd2 Be7 8. c4
O-O 9. cxd5 Nxd5 10. Nc4 Bf6 11. Nfd2 b5 12. Ne3 Nxe3 13. fxe3 Bb7 14. Ne4 Be7
15. Nc3 a6 16. Nd5 Bd6 17. Bd2 Rb8 18. e4 Ne7 19. Ne3 Bc8 20. Rf3 Be6 21. Nf5
Bc7 22. b4 c4 23. Be3 Nxf5 24. exf5 Bd5 25. Rf2 Bxg2 26. Rxg2 cxd3 27. Qxd3
Qxd3 28. exd3 Bb6 29. Re2 Bxe3+ 30. Rxe3 f6 31. a4 Rfd8 32. axb5 Rxb5 33. Rxa6
Rxb4 34. Ra3 Rbd4 35. h3 Kh7 36. Kf2 h5 37. Ke2 Rb4 1/2-1/2

[Event "Frankfurt Ch B 2018"]
[Site "Ffm-Höchst, BiKuZ"]
[Date "2018.05.14"]
[Round "3.4"]
[White "Mayer, Rolf"]
[Black "Müller, Christian"]
[Result "1/2-1/2"]
[WhiteElo "1361"]
[BlackElo "1328"]
[PlyCount "74"]
[EventDate "2018.??.??"]
[WhiteTeam "SC Flörsheim"]
[BlackTeam "Berkershm"]

1. d4 d5 2. Nf3 e6 3. Bf4 Nf6 4. e3 c6 5. c4 Bb4+ 6. Nbd2 b6 7. a3 Bxd2+ 8.
Qxd2 Ne4 9. Qc2 O-O 10. cxd5 cxd5 11. Bd3 Bb7 12. O-O Nd7 13. Rac1 a6 14. Qc7
Ra7 15. Qxd8 Rxd8 16. Rc7 Ndf6 17. Ne5 Nh5 18. Nc6 Nxf4 19. exf4 Bxc6 20. Rxa7
a5 21. Rc7 Be8 22. Rfc1 b5 23. Rc8 Rxc8 24. Rxc8 Kf8 25. Bxe4 dxe4 26. Kf1 h5
27. Ke2 Ke7 28. Rc5 f5 29. f3 exf3+ 30. Kxf3 Kf6 31. Ke3 h4 32. Re5 Bc6 33. Kf2
Bd5 34. Re3 g5 35. fxg5+ Kxg5 36. Re5 Kf4 37. Re1 a4 1/2-1/2

[Event "Frankfurt Ch B 2018"]
[Site "Ffm-Höchst, BiKuZ"]
[Date "2018.05.14"]
[Round "3.5"]
[White "Arnold, Jan"]
[Black "Brunner, Andreas"]
[Result "1-0"]
[WhiteElo "1318"]
[BlackElo "1387"]
[PlyCount "81"]
[EventDate "2018.??.??"]
[WhiteTeam "SC Frankfurt-West"]
[BlackTeam "Berkershm"]

1. c4 Nf6 2. Nc3 b6 3. e4 Bb7 4. e5 Ne4 5. d4 e6 6. Nf3 d5 7. cxd5 Bxd5 8. Nxd5
Qxd5 9. a3 Nc6 10. Be3 Be7 11. Be2 h6 12. O-O O-O 13. Rc1 a6 14. Bc4 Qd7 15. d5
Na5 16. dxe6 Qxd1 17. exf7+ Kh8 18. Rfxd1 Nxc4 19. Rxc4 Nc5 20. Bxc5 Bxc5 21.
e6 g6 22. Ne5 Kg7 23. b4 Bd6 24. Nd7 Rad8 25. Nxf8 Kxf8 26. Re1 Ke7 27. h4 Ra8
28. Rg4 Kf6 29. g3 a5 30. bxa5 Rxa5 31. a4 Ra8 32. h5 g5 33. f4 Kf5 34. e7 Bxe7
35. Rxe7 Rf8 36. fxg5 Kxg4 37. g6 Rd8 38. g7 Rd1+ 39. Kf2 Rd2+ 40. Re2 Kh3 41.
f8=Q 1-0

[Event "Frankfurt Ch B 2018"]
[Site "Ffm-Höchst, BiKuZ"]
[Date "2018.05.14"]
[Round "3.6"]
[White "Klein, Simon"]
[Black "Häfner, Günther"]
[Result "1-0"]
[WhiteElo "1232"]
[BlackElo "1100"]
[PlyCount "55"]
[EventDate "2018.??.??"]
[WhiteTeam "SK Hungen"]
[BlackTeam "Berkershm"]

1. d4 d5 2. Bf4 c5 3. c3 cxd4 4. cxd4 Nf6 5. Nf3 Nc6 6. Nc3 a6 7. e3 Qb6 8. Qd2
e6 9. a3 Na5 10. Rb1 Bd7 11. Bd3 Nc4 12. Qc1 Rc8 13. h3 Bd6 14. Bxd6 Nxd6 15.
Qd2 O-O 16. Ne5 Qd8 17. O-O Nc4 18. Nxc4 dxc4 19. Bc2 Bc6 20. e4 e5 21. d5 Be8
22. f4 Qd6 23. fxe5 Qxe5 24. Rf5 Qc7 25. e5 Bd7 26. exf6 Qc5+ 27. Rf2 g6 28.
Qh6 1-0

[Event "Frankfurt Ch B 2018"]
[Site "Ffm-Höchst, BiKuZ"]
[Date "2018.05.14"]
[Round "3.7"]
[White "Kattenbusch, Sebastian"]
[Black "Pessotschinski, Eduard"]
[Result "0-1"]
[WhiteElo "1211"]
[BlackElo "1312"]
[PlyCount "118"]
[EventDate "2018.??.??"]
[WhiteTeam "SF Friedberg"]
[BlackTeam "TuS Makkabi"]

1. e4 c5 2. Nf3 d6 3. d4 cxd4 4. Nxd4 Nf6 5. Nc3 g6 6. Bb5+ Bd7 7. O-O Bg7 8.
Bxd7+ Qxd7 9. Bf4 e5 10. Bg5 exd4 11. Qxd4 Nc6 12. Qd2 O-O 13. Rfe1 Rfe8 14.
Bf4 Ne5 15. Qd4 Nfg4 16. Bxe5 Bxe5 17. Qd3 Nxh2 18. f3 g5 19. Qe3 h6 20. Nd5
Bxb2 21. c3 Re6 22. Rab1 Ng4 23. fxg4 Ba3 24. Qf3 Bc5+ 25. Kh1 Kg7 26. e5 dxe5
27. Rxe5 Rae8 28. Rbe1 Qd6 29. Rxe6 Rxe6 30. Rf1 f6 31. Qf5 Qe5 32. Qxe5 fxe5
33. Re1 Bd6 34. Kg1 Re8 35. c4 Rf8 36. Ne3 Bc5 37. Kh2 Bxe3 38. Rxe3 Kf6 39.
Rf3+ Ke7 40. Rxf8 Kxf8 41. Kg3 Ke7 42. Kf3 Ke6 43. Ke4 b6 44. a4 a6 45. g3 a5
46. Kd3 Kd6 47. Ke4 Kc5 48. Kxe5 Kxc4 49. Kf5 Kb4 50. Kg6 Kxa4 51. Kxh6 b5 52.
Kxg5 b4 53. Kf6 b3 54. g5 b2 55. g6 b1=Q 56. g7 Qb2+ 57. Kf7 Qf2+ 58. Ke8 Qxg3
59. Kf8 Qxg7+ 0-1

[Event "Frankfurt Ch B 2018"]
[Site "Ffm-Höchst, BiKuZ"]
[Date "2018.05.14"]
[Round "3.9"]
[White "Barth, Horst"]
[Black "Falk, Aniko Tim"]
[Result "0-1"]
[WhiteElo "1168"]
[BlackElo "1293"]
[PlyCount "94"]
[EventDate "2018.??.??"]
[WhiteTeam "SF Mainz"]
[BlackTeam "SK Hungen"]

1. e4 c5 2. Nf3 Nc6 3. g3 e6 4. Bg2 d5 5. exd5 exd5 6. O-O g6 7. d3 Bg7 8. Re1+
Nge7 9. Bg5 O-O 10. Nbd2 Bxb2 11. Rb1 Bg7 12. Qe2 Re8 13. Rb3 h6 14. Bf4 b6 15.
Be5 Bg4 16. Bxg7 Kxg7 17. h3 Bxf3 18. Nxf3 Qd7 19. Qd2 Nf5 20. c3 Rxe1+ 21.
Nxe1 Re8 22. Rb1 d4 23. c4 Re7 24. Nf3 Qe8 25. Re1 Ne5 26. Nxe5 Rxe5 27. Rxe5
Qxe5 28. Be4 Ne7 29. Qd1 f5 30. Bf3 Qb8 31. a4 a6 32. Qe1 Kf6 33. Qd2 g5 34.
Bh5 Nc6 35. Qd1 Ne5 36. f4 Ng6 37. Qf3 Qe8 38. fxg5+ hxg5 39. g4 Qe3+ 40. Qf2
Qxf2+ 41. Kxf2 Nf4 42. gxf5 Nxd3+ 43. Kf3 Kxf5 44. Bg4+ Ke5 45. Ke2 Nb2 46. Bd7
Nxc4 47. Kd3 Na3 0-1

[Event "Frankfurt Ch B 2018"]
[Site "Ffm-Höchst, BiKuZ"]
[Date "2018.05.14"]
[Round "3.11"]
[White "Hartwig, Horst"]
[Black "Dröser, Wolfgang"]
[Result "0-1"]
[WhiteElo "1155"]
[BlackElo "1260"]
[PlyCount "68"]
[EventDate "2018.??.??"]
[WhiteTeam "vereinslos"]
[BlackTeam "SC Sulzbach"]

1. e4 g6 2. d4 Bg7 3. Bc4 d6 4. Qf3 e6 5. Ne2 Ne7 6. Bg5 O-O 7. e5 Qe8 8. exd6
cxd6 9. Qf4 f6 10. Bh6 g5 11. Bxg5 fxg5 12. Qxg5 Qf7 13. O-O Kh8 14. Nd2 d5 15.
Bd3 h6 16. Qg3 Nbc6 17. c3 e5 18. dxe5 Nxe5 19. Bc2 Bf5 20. Bxf5 Nxf5 21. Qh3
Ng6 22. Qg4 Ne5 23. Qh3 a5 24. Ng3 Qg6 25. Qh5 Nxg3 26. Qxg6 Ne2+ 27. Kh1 Nxg6
28. Rae1 Nef4 29. Re3 d4 30. cxd4 Bxd4 31. Re4 Bxb2 32. Rb1 Bc3 33. Nc4 Nd3 34.
f3 Nf2+ 0-1

[Event "Frankfurt Ch B 2018"]
[Site "Ffm-Höchst, BiKuZ"]
[Date "2018.05.14"]
[Round "3.12"]
[White "Thaler, Regina"]
[Black "Nebel, Marcel"]
[Result "0-1"]
[WhiteElo "1097"]
[BlackElo "1254"]
[PlyCount "68"]
[EventDate "2018.??.??"]
[WhiteTeam "SK Bad Homburg"]
[BlackTeam "Berkershm"]

1. g3 e6 2. c4 d5 3. e3 Nf6 4. h3 Be7 5. Nf3 Nc6 6. d4 O-O 7. Nc3 b6 8. Qc2 Na5
9. Ne5 Bb7 10. Rg1 Ne4 11. b4 Nxc4 12. Bxc4 Nxc3 13. Bd3 Ne4 14. f3 Nf6 15. g4
h6 16. f4 Nd7 17. Nf3 Rc8 18. Rg3 Bh4 19. Nxh4 Qxh4 20. Qg2 Qe7 21. Bb2 c5 22.
b5 c4 23. Bb1 Nf6 24. Bc3 Qd7 25. a4 Ne4 26. Qc2 g6 27. Rg2 a6 28. bxa6 Bxa6
29. Bb4 Rfe8 30. h4 Qd8 31. Rh2 c3 32. Ra3 Qc7 33. a5 Qc4 34. Qb3 Qf1# 0-1

[Event "Frankfurt Ch B 2018"]
[Site "Ffm-Höchst, BiKuZ"]
[Date "2018.05.14"]
[Round "3.16"]
[White "Grimm, Heinz-Peter"]
[Black "Neagu, Liviu"]
[Result "1-0"]
[WhiteElo "1402"]
[BlackElo "1465"]
[PlyCount "31"]
[EventDate "2018.??.??"]
[WhiteTeam "vereinslos"]
[BlackTeam "SF Friedberg"]

1. e4 c5 2. Nf3 d6 3. d4 cxd4 4. Nxd4 a6 5. Nc3 Nf6 6. Bc4 b5 7. Bb3 Bb7 8. a3
e6 9. O-O Nxe4 10. Nxe4 Bxe4 11. Re1 Bb7 12. c4 bxc4 13. Bxc4 Be7 14. Qg4 O-O
15. Bxe6 fxe6 16. Nxe6 1-0

[Event "Frankfurt Ch B 2018"]
[Site "Ffm-Höchst, BiKuZ"]
[Date "2018.05.14"]
[Round "3.17"]
[White "Lassek, Bjarne"]
[Black "Brendel, Lutz"]
[Result "0-1"]
[WhiteElo "912"]
[BlackElo "1450"]
[PlyCount "68"]
[EventDate "2018.??.??"]
[WhiteTeam "SC Nied"]
[BlackTeam "Schach AG des FDG"]

1. e4 c5 2. Nf3 Nc6 3. Nc3 a6 4. a4 e6 5. Bc4 Nge7 6. e5 Ng6 7. d4 cxd4 8. Ne2
Ngxe5 9. Nxe5 Nxe5 10. Qxd4 Qc7 11. Bf4 Qxc4 12. Bxe5 Qxd4 13. Bxd4 f6 14. O-O
Be7 15. Nc3 d5 16. a5 Bd7 17. Na4 Bxa4 18. Rxa4 Rc8 19. c3 Kd7 20. b3 e5 21.
Bb6 Rxc3 22. b4 Rc4 23. Rb1 Rhc8 24. Be3 d4 25. Bd2 Rc2 26. Rd1 R8c4 27. Kf1
Rb2 28. Be1 Bxb4 29. Rxb4 Rbxb4 30. Bxb4 Rxb4 31. Ra1 Rb5 32. Ke2 Kd6 33. Kd3
Kd5 34. f3 f5 0-1

[Event "Frankfurt Ch B 2018"]
[Site "Ffm-Höchst, BiKuZ"]
[Date "2018.05.14"]
[Round "3.18"]
[White "Fredershausen, Kurt"]
[Black "Schäfer, Dieter"]
[Result "1-0"]
[WhiteElo "1089"]
[BlackElo "1283"]
[PlyCount "83"]
[EventDate "2018.??.??"]
[WhiteTeam "SC Bad Soden"]
[BlackTeam "SV Ffm-Griesheim"]

1. e4 c5 2. Nf3 e6 3. Nc3 Nc6 4. d4 Nxd4 5. Nxd4 cxd4 6. Qxd4 h6 7. Be3 Ne7 8.
Qd2 d5 9. exd5 exd5 10. Bc5 Be6 11. Bb5+ Nc6 12. Bxf8 Rxf8 13. O-O-O a6 14.
Bxc6+ bxc6 15. Ne2 Qb6 16. Nd4 Rb8 17. Nb3 a5 18. Qxa5 Qxa5 19. Nxa5 Rb6 20.
Nb3 Ke7 21. Rhe1 Ra8 22. a3 Rab8 23. f4 g6 24. Kb1 Kf8 25. Ka1 Rc8 26. Nd4 c5
27. Nxe6+ Rxe6 28. Re5 d4 29. Rxe6 fxe6 30. b3 Ke7 31. Kb2 Rd8 32. Rd3 Rd5 33.
c3 dxc3+ 34. Kxc3 g5 35. Rxd5 exd5 36. fxg5 hxg5 37. a4 Kd6 38. h3 Kc6 39. g3
d4+ 40. Kc4 d3 41. Kxd3 Kd5 42. a5 1-0

[Event "Frankfurt Ch B 2018"]
[Site "Ffm-Höchst, BiKuZ"]
[Date "2018.05.14"]
[Round "3.19"]
[White "Tryfon, Konstantin"]
[Black "Lachmann, Irma"]
[Result "1-0"]
[WhiteElo "948"]
[BlackElo "819"]
[PlyCount "65"]
[EventDate "2018.??.??"]
[WhiteTeam "SC Höchst"]
[BlackTeam "Berkershm"]

1. e4 e5 2. Nf3 Nf6 3. Nc3 Nc6 4. Bc4 Be7 5. d3 a6 6. a4 Bb4 7. Bd2 h6 8. O-O
d6 9. h3 Bd7 10. Nd5 Bc5 11. Be3 Bxe3 12. fxe3 a5 13. Nxf6+ Qxf6 14. Nd2 O-O-O
15. Rxf6 gxf6 16. Bxf7 Rdf8 17. Bd5 Ne7 18. d4 Ng6 19. c3 f5 20. Qc2 f4 21.
exf4 Nxf4 22. Rf1 Ne2+ 23. Kh2 Rf4 24. Nf3 b6 25. Bc4 Ng3 26. Kxg3 h5 27. Kh2
h4 28. dxe5 d5 29. Qd2 dxc4 30. Qxf4 c5 31. Rd1 Rh7 32. e6 Bxe6 33. Ng5 1-0

[Event "Frankfurt Ch A 2018"]
[Site "Ffm-Höchst, BiKuZ"]
[Date "2018.05.28"]
[Round "4.1"]
[White "Poetsch, Hagen"]
[Black "Calvi, Stefan"]
[Result "1/2-1/2"]
[WhiteElo "2505"]
[BlackElo "2019"]
[PlyCount "72"]
[EventDate "2018.??.??"]
[WhiteTeam "SC Heusenstamm"]
[BlackTeam "SF Frankfurt"]

1. d4 Nf6 2. c4 g6 3. Nc3 Bg7 4. e4 d6 5. Be2 c5 6. Nf3 O-O 7. O-O Nc6 8. d5
Na5 9. a3 b6 10. h3 e5 11. Rb1 Bd7 12. Ne1 Ne8 13. b4 Nb7 14. Nd3 Rc8 15. bxc5
Nxc5 16. Nxc5 dxc5 17. Qc2 Nd6 18. Nb5 Bxb5 19. cxb5 Qh4 20. Bg4 f5 21. exf5
gxf5 22. Be2 Rce8 23. Bb2 Re7 24. Kh2 e4 25. g3 Qh6 26. f4 exf3 27. Rxf3 Rfe8
28. Bf1 Be5 29. Re1 Qg7 30. Rxe5 Rxe5 31. Qd2 Qe7 32. Bxe5 Qxe5 33. Bg2 Kh8 34.
Qh6 c4 35. Qc1 Qe1 36. Qb2+ Qe5 1/2-1/2

[Event "Frankfurt Ch A 2018"]
[Site "Ffm-Höchst, BiKuZ"]
[Date "2018.05.28"]
[Round "4.2"]
[White "Uwira, Oliver"]
[Black "Bagatsch, Thomas"]
[Result "0-1"]
[WhiteElo "2186"]
[BlackElo "1944"]
[PlyCount "88"]
[EventDate "2018.??.??"]
[WhiteTeam "SC Nied"]
[BlackTeam "SC Brett vorm Kopp"]

1. e4 e5 2. Nf3 Nc6 3. Bb5 a6 4. Ba4 d6 5. c3 Be7 6. d4 Bd7 7. O-O Nf6 8. Re1
O-O 9. h3 Re8 10. Nbd2 Bf8 11. Bc2 g6 12. Nf1 Nh5 13. Ne3 Bg7 14. Nd5 Ne7 15.
Bb3 Nxd5 16. Bxd5 c6 17. Bb3 h6 18. Nh2 exd4 19. cxd4 Qh4 20. Ng4 Bxg4 21. hxg4
Nf6 22. f3 h5 23. g5 Nh7 24. Be3 Nxg5 25. Qd2 Nh7 26. Rad1 Rad8 27. Bf2 Qe7 28.
Qf4 Qf6 29. Qc1 h4 30. e5 dxe5 31. dxe5 Rxe5 32. Rxe5 Rxd1+ 33. Qxd1 Qxe5 34.
Qd7 Qf5 35. Qe8+ Nf8 36. Bxh4 Bxb2 37. Bf2 Qd7 38. Qe4 Ne6 39. Bxe6 Qxe6 40.
Qb4 Qxa2 41. g3 b5 42. Qd2 Qa1+ 43. Kg2 Bf6 44. g4 Qb2 0-1

[Event "Frankfurt Ch A 2018"]
[Site "Ffm-Höchst, BiKuZ"]
[Date "2018.05.28"]
[Round "4.3"]
[White "Nekhamkis, Genadi"]
[Black "Karsay, Pascal"]
[Result "0-1"]
[WhiteElo "1992"]
[BlackElo "2174"]
[PlyCount "74"]
[EventDate "2018.??.??"]
[WhiteTeam "SK Marburg"]
[BlackTeam "SK Gau-Algesheim"]

1. e4 e5 2. Bc4 Nf6 3. Nf3 Nc6 4. O-O Nxe4 5. Nc3 Nd6 6. Bd5 Be7 7. Re1 O-O 8.
Nxe5 Nxe5 9. Rxe5 c6 10. Bb3 a5 11. d4 b5 12. a3 Bf6 13. Rh5 g6 14. Rh3 Qb6 15.
Bf4 Nf5 16. Be5 Be7 17. Ne4 Qd8 18. g4 d6 19. Bf4 d5 20. Rc3 dxe4 21. gxf5 Bxf5
22. Rxc6 Rc8 23. Rxc8 Qxc8 24. c3 Bg4 25. Qf1 Qf5 26. Bg3 h5 27. h4 g5 28. Be5
gxh4 29. Qg2 h3 30. Qg3 Bg5 31. Re1 h4 32. Qh2 Bf3 33. Kf1 Qg4 34. Bd6 Bd2 35.
Re3 Bg2+ 36. Kg1 Bxe3 37. fxe3 Qe2 0-1

[Event "Frankfurt Ch A 2018"]
[Site "Ffm-Höchst, BiKuZ"]
[Date "2018.05.28"]
[Round "4.4"]
[White "Steudel, Max"]
[Black "Zimmermann, Rolf"]
[Result "1-0"]
[WhiteElo "1943"]
[BlackElo "2124"]
[PlyCount "99"]
[EventDate "2018.??.??"]
[WhiteTeam "SC Brett vorm Kopp"]
[BlackTeam "SC Tornado Hochneukirch"]

1. e4 c5 2. Nc3 Nc6 3. f4 g6 4. Nf3 Bg7 5. Bb5 a6 6. Bxc6 bxc6 7. d3 d5 8. O-O
e6 9. e5 h5 10. Na4 Bf8 11. c4 Nh6 12. Be3 Nf5 13. Bf2 Rb8 14. b3 Qa5 15. Qe1
Qb4 16. Qe2 Nd4 17. Nxd4 cxd4 18. Bxd4 c5 19. Bc3 Qb7 20. Qf2 d4 21. Ba5 Bd7
22. Nb2 Be7 23. h4 Bc6 24. Nd1 O-O 25. Qg3 Kh7 26. Nf2 f6 27. Rae1 f5 28. Nh3
Qd7 29. Ng5+ Kg7 30. Rb1 Rb7 31. Rf2 Re8 32. Rfb2 Bd8 33. Qe1 Be7 34. Qd2 Reb8
35. b4 Qc8 36. bxc5 Bxc5 37. Bb4 Bxb4 38. Rxb4 Qd7 39. Rxb7 Rxb7 40. Rxb7 Qxb7
41. Nxe6+ Kh6 42. Nxd4 Qb6 43. Qf2 Qb1+ 44. Kh2 Be8 45. Qg3 Qc1 46. Qg5+ Kh7
47. Qe7+ Kh6 48. Qf8+ Kh7 49. Ne6 Qxf4+ 50. Nxf4 1-0

[Event "Frankfurt Ch A 2018"]
[Site "Ffm-Höchst, BiKuZ"]
[Date "2018.05.28"]
[Round "4.6"]
[White "Legde, Georg"]
[Black "Koch, Markus"]
[Result "1-0"]
[WhiteElo "2273"]
[BlackElo "2039"]
[PlyCount "51"]
[EventDate "2018.??.??"]
[WhiteTeam "Freibauer Mörlenbach"]
[BlackTeam "SC Brett vorm Kopp"]

1. Nf3 d5 2. c4 c6 3. d4 Nf6 4. Nc3 e6 5. e3 Nbd7 6. Bd3 dxc4 7. Bxc4 b5 8. Bd3
Bb7 9. O-O b4 10. Na4 c5 11. dxc5 Rc8 12. a3 Bxc5 13. Nxc5 Rxc5 14. axb4 Rh5
15. e4 Nxe4 16. Rxa7 Qb8 17. Ra5 Ng5 18. Ne5 Nh3+ 19. gxh3 Nxe5 20. f4 Nxd3 21.
Qxh5 Nxc1 22. Qb5+ Ke7 23. Qg5+ f6 24. Qxg7+ Kd6 25. Rd1+ Kc6 26. Qd7+ 1-0

[Event "Frankfurt Ch A 2018"]
[Site "Ffm-Höchst, BiKuZ"]
[Date "2018.05.28"]
[Round "4.7"]
[White "Ottenburg, Ralph"]
[Black "Minor, Samuel"]
[Result "0-1"]
[WhiteElo "1859"]
[BlackElo "2225"]
[PlyCount "66"]
[EventDate "2018.??.??"]
[WhiteTeam "SF Frankfurt"]
[BlackTeam "Wiesbadener SV"]

1. e4 e6 2. d4 d5 3. e5 c5 4. c3 Qb6 5. Nf3 Nc6 6. Be2 Nh6 7. O-O cxd4 8. cxd4
Nf5 9. Bd3 Nfxd4 10. Nxd4 Qxd4 11. Re1 Bd7 12. Nc3 Nxe5 13. Rxe5 Qxe5 14. Nb5
Bc5 15. Bd2 a6 16. Nc3 O-O 17. Qf3 Qf6 18. Qg3 Bc6 19. Bg5 Bxf2+ 20. Qxf2 Qxg5
21. Re1 e5 22. h4 Qf6 23. Qg3 e4 24. Bb1 Rae8 25. h5 Qe5 26. Qg4 f5 27. Qh3 f4
28. h6 Re7 29. Qh4 Qf6 30. Qf2 Qxh6 31. Qc5 Re5 32. Nxe4 Rxe4 33. Bxe4 dxe4 0-1

[Event "Frankfurt Ch A 2018"]
[Site "Ffm-Höchst, BiKuZ"]
[Date "2018.05.28"]
[Round "4.8"]
[White "Neininger, Ralph"]
[Black "Benninger, Rudolf"]
[Result "1-0"]
[WhiteElo "2123"]
[BlackElo "1895"]
[PlyCount "69"]
[EventDate "2018.??.??"]
[WhiteTeam "Frankfurter TV"]
[BlackTeam "SC Heusenstamm"]

1. d4 g6 2. c4 Bg7 3. e4 c5 4. Nf3 Qb6 5. dxc5 Qxc5 6. Be2 d6 7. O-O Nc6 8. h3
Be6 9. Be3 Qa5 10. Qc2 Nf6 11. Nc3 O-O 12. a3 Rfc8 13. b4 Qd8 14. Rad1 Qf8 15.
Nb5 a5 16. Nbd4 Bd7 17. Nxc6 Bxc6 18. e5 dxe5 19. Nxe5 axb4 20. Nxc6 Rxc6 21.
axb4 Rca6 22. c5 Ra2 23. Qc4 Qc8 24. Bf3 e6 25. Qb5 Nd5 26. Bxd5 exd5 27. Rxd5
Qc6 28. Qd3 Bf8 29. b5 Qe6 30. Rd8 Rxd8 31. Qxd8 Qe7 32. Rd1 Kg7 33. Qxe7 Bxe7
34. Rd7 Bf6 35. Rxb7 1-0